| 000 | 01169pab a2200193 454500 | ||
|---|---|---|---|
| 008 | 180718b2008 xxu||||| |||| 00| 0 eng d | ||
| 100 | _aLo, Dic | ||
| 245 | _aGlobalisation meets its match: lessons from China's economic transformation | ||
| 260 | _c2008 | ||
| 300 | _ap.97-102. | ||
| 362 | _a27 Dec | ||
| 520 | _aThe sustained and rapid growth of the Chinese economy in the last three decades has been in sharp contrast to the prolonged stagnation in most parts of the non western world. the persistence of a mixed economic system despite market reforms further contradicts the orthodox doctrines of globalization. This study argues that China's economic transformation has been mainly based on productivity improvement and is thus to a significant extent a real development. It has been achieved mainly through process of "governing the market" by a set of structural-institutional factors that are china-specific but can be of general importance for the development worldwide. - Reproduced. | ||
| 650 | _aGlobalization - China | ||
| 650 | _aGlobalization | ||
| 700 | _aZhang, Yu | ||
| 773 | _aEconomic and Political Weekly | ||
| 908 | _aN | ||
| 909 | _a80798 | ||
| 999 |
_c80798 _d80798 |
||